000 00714nam a2200181 a 4500
008 120416s1984 ||||||||||||||||| || u
020 _a0273025600
050 _aHF 5686.C8 Whe
100 _aBrown, John Lewis
245 1 4 _a... Cost accounting
250 _a15th ed.
260 _aLondon
_bPitman
_c1984
300 _ax, 706p. : ill.
350 _a0.00
700 _aWheldon, Harold James
995 _aBINDERY (DAMAGED)
_D0.00
_e708529
_FCBU-MAIN LIBRARY (Kitwe)
_H1
_I11.25
_jHF 5686.C8 Whe
_M1
_UAVAILABLE
_y026701
_ZMain Library Open Access Collection
995 _aMAIN LIBRARY OPEN ACCESS
_D0.00
_e721371
_FCBU-MAIN LIBRARY (Kitwe)
_H2
_I11.25
_jHF 5686.C8 Whe
_M2
_UAVAILABLE
_y026702
_ZMain Library Open Access Collection
999 _c62545
_d62545